01716nam a22002177a 450000500170000000800410001704000290005804100080008708200150009524201740011024501430028425000420042726001780046930000340064750004490068150502500113050600210138054600210140165000400142265000360146220160517102355.0160517s1878 fr |||fr|||| 001 0 lat d cSandra YazodSandra Yazo0 alat04220a262.5200aCatecismo del Concilio de Trento promulgado por orden de Pío V, Pontífice Máximo, revisado cuidadosa y totalmente de todos los errorescObra de P. D. L. H. P.yspa00aCatechismus Concilii Tridentini Pii V, Pontificis Maximi jussu promulgatus sincerus et integer mendisque expurgatuscOpera P. D. L. H. P.) aEditio Novissima [Última edición] aParisiis [Pariís] (Francia)bApud Roger et Chernoviz, Bibliopolas [Donde los libreros Roger y Chernoviz]bTyp. Pillet et Dumoulin [Tipografía de Pillet y Dumoulin]c1878 alix, 768 páginasc11 x 7 cm aDetalles físicos: Encuadernación rígida en cartón forrado en tela texturizada. Lomo con nervaduras y adornos en dorado, notoria rotura en el borde superior. Tapas con recuadros repujados. Guardas simulando papel de agua. Hoja de cortesía. Anteportada. Portada sencilla, impresa en una sola tinta. Texto en una sola columna. Notas de pie de página. Índice. Cinta para señalar la lectura. Piel del lomo, rasgada en parte superior aInstrucciones para hacer catequesis del Concilio en las principales fiestas del año ; Texto del Catecismo del Concilio de Trento ; Resumen y síntesis de las principales enseñanzas y disposiciones del Concilio, organizadas en cuatro libros aConsulta en sala aTexto en latín 7aConcilios y símbolosxCatecismos  7aIglesia católicavCatecismos